लू‘शुन की रचनाएॅं (Record no. 891637)

MARC details
000 -LEADER
fixed length control field 00967nam a2200277Ia 4500
003 - CONTROL NUMBER IDENTIFIER
control field OSt
005 - DATE AND TIME OF LATEST TRANSACTION
control field 20220930190112.0
008 - FIXED-LENGTH DATA ELEMENTS--GENERAL INFORMATION
fixed length control field 220926b |||||||| |||| 00| 0 hin d
020 ## - INTERNATIONAL STANDARD BOOK NUMBER
International Standard Book Number 8172012969 (hbk)
037 ## - SOURCE OF ACQUISITION
Terms of availability Textbook
040 ## - CATALOGING SOURCE
Original cataloging agency CRL
Transcribing agency CRL
Language of cataloging hin
041 ## - LANGUAGE CODE
Source of code hin
Language code of text/sound track or separate title hin
100 ## - MAIN ENTRY--PERSONAL NAME
Personal name लू‘शुन
245 #0 - TITLE STATEMENT
Title लू‘शुन की रचनाएॅं
246 ## - VARYING FORM OF TITLE
Title proper/short title Prāchīn bhārat kā vṛuhat itihāsa
260 ## - PUBLICATION, DISTRIBUTION, ETC.
Place of publication, distribution, etc. नई दिल्ली,
Name of publisher, distributor, etc. साहित्य अकादेमी, भारत
Date of publication, distribution, etc. 1992
300 ## - PHYSICAL DESCRIPTION
Extent 323पृ0
Dimensions cm.
650 ## - SUBJECT ADDED ENTRY--TOPICAL TERM
Topical term or geographic name entry element हिन्दी साहित्य
700 ## - ADDED ENTRY--PERSONAL NAME
Personal name चौहान, कर्ण सिंह, अनु.
942 ## - ADDED ENTRY ELEMENTS (KOHA)
Classification part O41,3M81x, 152N2
Koha item type Textbook
Source of classification or shelving scheme Colon Classification (CC)

No items available.

Copyright @ Delhi University Library System